[Event "Czech Open Rapid 2019"]
[Site "Pardubice"]
[Date "2019.07.17"]
[Round "2.19"]
[White "Grabinsky, Vladimir"]
[Black "Zanan, Evgeny"]
[Result "0-1"]
[WhiteElo "2257"]
[BlackElo "2446"]
[Annotator "NA"]
[PlyCount "48"]
[EventDate "2019.07.17"]
[EventType "swiss"]
[EventCountry "CZE"]
[SourceTitle "playchess.com"]
[Source "ChessBase"]
[SourceQuality "1"]

1. e4 c5 2. b4 d6 3. Nf3 Nf6 4. bxc5 dxc5 5. Nc3 e6 6. Bb5+ Bd7 7. Rb1 Nc6 8. O-O Be7 9. Re1 O-O 10. e5 Nd5 11. Ne4 Qc7 12. Bb2 a6 13. Bf1 Nf4 14. g3 Ng6 15. Bg2 Rfd8 16. h4 Ngxe5 17. Nxe5 Nxe5 18. Nxc5 Qxc5 19. Rxe5 Qc7 20. Bc3 Bc6 21. Bxc6 bxc6 22. Re4 Rd5 23. Qg4 Bf8 24. h5 f5 0-1

[Event "Czech Open Rapid 2019"]
[Site "Pardubice"]
[Date "2019.07.17"]
[Round "2.19"]
[White "Kopriva, Martin"]
[Black "Bystrov, Sergej M."]
[Result "1/2-1/2"]
[WhiteElo "2031"]
[BlackElo "2197"]
[Annotator "NA"]
[PlyCount "65"]
[EventDate "2019.07.17"]
[EventType "swiss"]
[EventCountry "CZE"]
[SourceTitle "playchess.com"]
[Source "ChessBase"]
[SourceQuality "1"]

1. e4 c5 2. d4 cxd4 3. Nf3 Nc6 4. c3 d3 5. Bxd3 d6 6. O-O g6 7. h3 Bg7 8. Qe2 Nf6 9. Rd1 Qc7 10. a4 O-O 11. Na3 a6 12. Nc4 Be6 13. Bf4 Nd7 14. Ne3 Nde5 15. Ng5 Nxd3 16. Rxd3 Ne5 17. Nd5 Bxd5 18. Rxd5 Qc4 19. Qe3 Qb3 20. Bxe5 Bxe5 21. Rd2 Bg7 22. g3 Rac8 23. h4 Rc5 24. Kg2 Qc4 25. Nf3 h6 26. Nd4 h5 27. Rd3 Rc7 28. Rd2 Kh7 29. f4 Qc5 30. Qf3 Qc4 31. Qe3 Qc5 32. Qf3 Qc4 33. Qe3 1/2-1/2

[Event "Czech Open Rapid 2019"]
[Site "Pardubice"]
[Date "2019.07.17"]
[Round "2.20"]
[White "Bykova, Anastasia"]
[Black "Mirzoev, Emil"]
[Result "1-0"]
[WhiteElo "2255"]
[BlackElo "2433"]
[Annotator "NA"]
[PlyCount "109"]
[EventDate "2019.07.17"]
[EventType "swiss"]
[EventCountry "CZE"]
[SourceTitle "playchess.com"]
[Source "ChessBase"]
[SourceQuality "1"]

1. d4 c5 2. d5 e5 3. e4 d6 4. c4 Be7 5. Nc3 Bg5 6. Nf3 Bxc1 7. Qxc1 Ne7 8. g3 O-O 9. Bg2 Na6 10. O-O Nc7 11. Ne1 Rb8 12. a4 Na6 13. Nd3 Nb4 14. Nxb4 cxb4 15. Na2 Qb6 16. b3 f5 17. Qe3 Qa5 18. Qd2 f4 19. Rfe1 f3 20. Bf1 Bg4 21. Qxb4 Qc7 22. Nc3 Rf6 23. Nd1 Qd7 24. Re3 Bh3 25. Qe1 Rbf8 26. Rc3 Rh6 27. Ne3 Qe8 28. Bxh3 Rxh3 29. c5 Rf6 30. Ng4 Rg6 31. cxd6 Rxd6 32. Nxe5 Rxh2 33. Nxf3 Rhh6 34. Qf1 Ng6 35. Rc4 Rf6 36. Rac1 Rf8 37. Qg2 Qf7 38. Rc8 Qe7 39. Rxf8+ Nxf8 40. e5 Rb6 41. Rc3 Qb4 42. Re3 Qc5 43. e6 Ng6 44. a5 Rb5 45. a6 bxa6 46. Qh3 Qd6 47. Ng5 h6 48. Nf7 Qxd5 49. e7 Nxe7 50. Rxe7 Rc5 51. Nxh6+ gxh6 52. Qg4+ Qg5 53. Qe6+ Kh8 54. Re8+ Kh7 55. Qd7+ 1-0

[Event "Czech Open Rapid 2019"]
[Site "Pardubice"]
[Date "2019.07.17"]
[Round "2.20"]
[White "Mojzis, Jaroslav"]
[Black "Ludvik, Tomas"]
[Result "1/2-1/2"]
[WhiteElo "2095"]
[BlackElo "2334"]
[Annotator "NA"]
[PlyCount "102"]
[EventDate "2019.07.17"]
[EventType "swiss"]
[EventCountry "CZE"]
[SourceTitle "playchess.com"]
[Source "ChessBase"]
[SourceQuality "1"]

1. d4 d5 2. Bf4 c5 3. e3 Nc6 4. c3 Nf6 5. Nd2 e6 6. Ngf3 Bd6 7. Bg3 O-O 8. Bd3 b6 9. O-O Bb7 10. Bxd6 Qxd6 11. dxc5 bxc5 12. e4 h6 13. Qe2 Qc7 14. e5 Nd7 15. Rfe1 a5 16. c4 Rfe8 17. Rac1 a4 18. Bb1 Rab8 19. Qd3 g6 20. cxd5 exd5 21. e6 Nde5 22. Nxe5 Nxe5 23. exf7+ Qxf7 24. Qg3 Qf6 25. f4 Nd7 26. Qxg6+ Qxg6 27. Bxg6 Rxe1+ 28. Rxe1 Kf8 29. Bf5 Bc6 30. b3 axb3 31. axb3 Re8 32. Rxe8+ Kxe8 33. Bxd7+ Kxd7 34. Kf2 Ke6 35. g4 Kf6 36. h4 Bd7 37. Kg3 Be6 38. h5 Kg7 39. Nf3 d4 40. Nd2 Bd5 41. g5 Bf7 42. Kg4 d3 43. g6 Bxb3 44. Kf5 Bd1 45. Ke4 Bxh5 46. Kxd3 Bxg6+ 47. Kc4 Kf6 48. Nf3 Be4 49. Nh4 Bb7 50. Kxc5 Bh1 51. Kd4 Bc6 1/2-1/2

[Event "Czech Open Rapid 2019"]
[Site "Pardubice"]
[Date "2019.07.17"]
[Round "2.21"]
[White "Bagi, Mate"]
[Black "Castrillon Gomez, Melisa"]
[Result "1-0"]
[WhiteElo "2418"]
[BlackElo "2253"]
[Annotator "NA"]
[PlyCount "67"]
[EventDate "2019.07.17"]
[EventType "swiss"]
[EventCountry "CZE"]
[SourceTitle "playchess.com"]
[Source "ChessBase"]
[SourceQuality "1"]

1. e4 c5 2. Nf3 Nc6 3. d4 cxd4 4. Nxd4 e5 5. Nb5 d6 6. N1c3 a6 7. Na3 Be7 8. Nc4 b5 9. Ne3 Nf6 10. g3 h5 11. Bg2 h4 12. Nf5 Bxf5 13. exf5 Nd4 14. O-O Rc8 15. a3 h3 16. Bh1 Nxf5 17. Qd3 g6 18. a4 b4 19. Nd5 Nxd5 20. Bxd5 Qb6 21. c3 bxc3 22. bxc3 Kf8 23. Be4 Ng7 24. a5 Qc5 25. Qxa6 Ne6 26. Be3 Qc7 27. Qb7 Rb8 28. Qxc7 Nxc7 29. c4 Kg7 30. a6 Rb4 31. a7 Na8 32. Bd5 Nc7 33. Rfb1 Rxb1+ 34. Rxb1 1-0

[Event "Czech Open Rapid 2019"]
[Site "Pardubice"]
[Date "2019.07.17"]
[Round "2.21"]
[White "MOGILNY, Jevgeni"]
[Black "Uhmann, Jan Jr"]
[Result "0-1"]
[WhiteElo "1853"]
[BlackElo "2043"]
[Annotator "NA"]
[PlyCount "92"]
[EventDate "2019.07.17"]
[EventType "swiss"]
[EventCountry "CZE"]
[SourceTitle "playchess.com"]
[Source "ChessBase"]
[SourceQuality "1"]

1. d4 Nf6 2. Nf3 c5 3. e3 e6 4. b3 b6 5. Bb2 Bb7 6. Nbd2 d6 7. Be2 Be7 8. c4 Qc7 9. O-O Nc6 10. Rc1 O-O 11. Bd3 Nd7 12. Bb1 f5 13. e4 cxd4 14. Nxd4 Nxd4 15. Bxd4 e5 16. Bb2 Qc6 17. f3 g6 18. Re1 Bh4 19. Re2 a5 20. Nf1 Qc5+ 21. Kh1 Bg5 22. Rc3 Rf6 23. Rd3 Raf8 24. Ng3 Bh4 25. exf5 Bxg3 26. hxg3 gxf5 27. Bc1 f4 28. Be3 fxe3 29. Rdxe3 d5 30. cxd5 Bxd5 31. Qd3 Rh6+ 32. Kg1 Nf6 33. Rc2 Be4 34. fxe4 Qe7 35. Qc4+ Kh8 36. Qc7 Qe8 37. Rf3 Qh5 38. Rf5 Qd1+ 39. Rf1 Rh1+ 40. Kxh1 Qxf1+ 41. Kh2 Ng4+ 42. Kh3 Qf6 43. Rc6 Qg5 44. Rh6 Nf2+ 45. Kh2 Qxh6+ 46. Kg1 Qh1# 0-1

[Event "Czech Open Rapid 2019"]
[Site "Pardubice"]
[Date "2019.07.17"]
[Round "2.22"]
[White "Skliba, Martin"]
[Black "Gagare, Shardul"]
[Result "0-1"]
[WhiteElo "2252"]
[BlackElo "2415"]
[Annotator "NA"]
[PlyCount "76"]
[EventDate "2019.07.17"]
[EventType "swiss"]
[EventCountry "CZE"]
[SourceTitle "playchess.com"]
[Source "ChessBase"]
[SourceQuality "1"]

1. d4 Nf6 2. c4 e6 3. Nc3 Bb4 4. e3 O-O 5. Bd3 c5 6. Nge2 d5 7. a3 Bxc3+ 8. Nxc3 cxd4 9. exd4 Nc6 10. Be3 b6 11. cxd5 Nxd5 12. Nxd5 Qxd5 13. Qc2 f5 14. Bc4 Qd6 15. Rd1 Ne7 16. O-O Bb7 17. Qb3 Bd5 18. Rfe1 Rac8 19. Bxd5 Nxd5 20. Rc1 Qd7 21. Bd2 Rxc1 22. Rxc1 Rc8 23. Rxc8+ Qxc8 24. h3 h6 25. Qb5 Kh7 26. Qa4 a6 27. Qb3 Qc6 28. Qd3 b5 29. Qe2 Nb6 30. g4 Qd5 31. g5 Qc4 32. Qh5 Qc2 33. Qe8 Qd1+ 34. Kh2 hxg5 35. Bxg5 Qf3 36. Be3 f4 37. Qf7 Nd5 38. Kg1 Qd1+ 0-1

[Event "Czech Open Rapid 2019"]
[Site "Pardubice"]
[Date "2019.07.17"]
[Round "2.22"]
[White "Frolov, Aleksey G."]
[Black "Maiorov, Nikita"]
[Result "1-0"]
[WhiteElo "2174"]
[BlackElo "2522"]
[Annotator "ChessBase"]
[PlyCount "65"]
[EventDate "2019.07.17"]
[EventType "swiss"]
[EventCountry "CZE"]
[SourceTitle "playchess.com"]
[Source "ChessBase"]
[SourceQuality "1"]

1. e4 c5 2. Nf3 d6 3. d4 cxd4 4. Nxd4 Nf6 5. Nc3 g6 6. Be3 Bg7 7. f3 Nc6 8. Qd2 h5 9. Be2 Bd7 10. O-O O-O 11. Nd5 Nxd5 12. exd5 Nxd4 13. Bxd4 Bxd4+ 14. Qxd4 Rc8 15. c4 Qa5 16. Qh4 Rfe8 17. Rfe1 Rc7 18. Bd3 Qb6+ 19. Qf2 Qxf2+ 20. Kxf2 Kg7 21. Re3 e5 22. dxe6 Rxe6 23. Rd1 Kf6 24. b3 a5 25. Be4 Bc6 26. a4 Bxe4 27. fxe4 Rc5 28. Rd5 b6 29. Kf3 Ke7 30. h3 Rf6+ 31. Ke2 Ke6 32. e5 dxe5 33. Rexe5# 1-0

[Event "Czech Open Rapid 2019"]
[Site "Pardubice"]
[Date "2019.07.17"]
[Round "2.23"]
[White "Kusa, Jakub"]
[Black "Krouzel, Jaroslav"]
[Result "1/2-1/2"]
[WhiteElo "2199"]
[BlackElo "2117"]
[Annotator "NA"]
[PlyCount "74"]
[EventDate "2019.07.17"]
[EventType "swiss"]
[EventCountry "CZE"]
[SourceTitle "playchess.com"]
[Source "ChessBase"]
[SourceQuality "1"]

1. Nf3 f5 2. d3 d5 3. g3 Nf6 4. Bg2 e6 5. O-O Be7 6. c4 c6 7. b3 O-O 8. Bb2 Nbd7 9. Nbd2 Qc7 10. Rc1 a5 11. cxd5 exd5 12. d4 Bd6 13. e3 Ne4 14. Ne1 Ndf6 15. f3 Nxd2 16. Qxd2 h5 17. Nd3 Be6 18. Ne5 Nd7 19. f4 Nf6 20. Qe2 Bf7 21. h3 Ne4 22. Kh2 a4 23. Bf3 axb3 24. axb3 Ra2 25. Ra1 Rfa8 26. Nxf7 Kxf7 27. Bxh5+ g6 28. Bf3 Qb6 29. Bxe4 Qxb3 30. Bxd5+ cxd5 31. Rab1 Re8 32. Qg2 Re4 33. Rf2 Qxe3 34. Rc2 Qb3 35. Ra1 Rxa1 36. Bxa1 Qb1 37. Bc3 Qb3 1/2-1/2

[Event "Czech Open Rapid 2019"]
[Site "Pardubice"]
[Date "2019.07.17"]
[Round "2.23"]
[White "Babicka, Michal"]
[Black "Polschikov, Alexey"]
[Result "0-1"]
[WhiteElo "1955"]
[BlackElo "2344"]
[Annotator "NA"]
[PlyCount "78"]
[EventDate "2019.07.17"]
[EventType "swiss"]
[EventCountry "CZE"]
[SourceTitle "playchess.com"]
[Source "ChessBase"]
[SourceQuality "1"]

1. e4 c5 2. Nf3 d6 3. d4 cxd4 4. Nxd4 Nf6 5. Nc3 a6 6. Bg5 Nbd7 7. Qe2 h6 8. Bh4 e5 9. Nb3 Be7 10. O-O-O b5 11. Bxf6 Nxf6 12. h3 b4 13. Nd5 Nxd5 14. exd5 O-O 15. g4 a5 16. Kb1 f5 17. gxf5 Bxf5 18. Bg2 a4 19. Nd2 b3 20. Be4 bxc2+ 21. Bxc2 Bxc2+ 22. Kxc2 Qd7 23. Kb1 Bd8 24. Ne4 Rf4 25. Rhg1 Bb6 26. Rg3 Qf5 27. f3 Bd4 28. a3 Rb8 29. Rd2 Rb3 30. Ka2 Qf8 31. Qa6 Rxe4 32. fxe4 Rxg3 33. Qxa4 Kh7 34. Qd7 Qb8 35. Qf5+ Kh8 36. b4 Qa8 37. Kb1 Rg1+ 38. Kc2 Qa4+ 39. Kd3 Qb3+ 0-1

[Event "Czech Open Rapid 2019"]
[Site "Pardubice"]
[Date "2019.07.17"]
[Round "2.24"]
[White "Retinsky, Vladimir"]
[Black "Zdrazil, Jan"]
[Result "1/2-1/2"]
[WhiteElo "2343"]
[BlackElo "1846"]
[Annotator "NA"]
[PlyCount "38"]
[EventDate "2019.07.17"]
[EventType "swiss"]
[EventCountry "CZE"]
[SourceTitle "playchess.com"]
[Source "ChessBase"]
[SourceQuality "1"]

1. d4 Nf6 2. Nf3 g6 3. Bf4 Bg7 4. e3 c5 5. c3 b6 6. Be2 Bb7 7. O-O O-O 8. h3 d6 9. Nbd2 Nbd7 10. a4 a6 11. Nc4 Re8 12. Re1 Qc7 13. Bf1 e5 14. Bh2 Ne4 15. Nfd2 Nxd2 16. Qxd2 d5 17. Nxe5 Nxe5 18. dxe5 Bxe5 19. Bxe5 Qxe5 1/2-1/2

[Event "Czech Open Rapid 2019"]
[Site "Pardubice"]
[Date "2019.07.17"]
[Round "2.24"]
[White "Chirivi C, Jenny Astrid"]
[Black "Roskova, Katerina"]
[Result "1-0"]
[WhiteElo "2089"]
[BlackElo "1972"]
[Annotator "NA"]
[PlyCount "95"]
[EventDate "2019.07.17"]
[EventType "swiss"]
[EventCountry "CZE"]
[SourceTitle "playchess.com"]
[Source "ChessBase"]
[SourceQuality "1"]

1. d4 Nf6 2. c4 g6 3. Nc3 d5 4. Nf3 Bg7 5. Qb3 dxc4 6. Qxc4 O-O 7. e4 c6 8. Be2 b5 9. Qb3 a5 10. e5 Be6 11. Qd1 Nd5 12. a4 b4 13. Ne4 Bf5 14. Nc5 Nd7 15. Nb3 N7b6 16. O-O Qc7 17. Bd2 f6 18. exf6 exf6 19. Nc5 Rfe8 20. Re1 Rad8 21. Qb3 Kh8 22. Bf1 Bf8 23. Rxe8 Rxe8 24. Rc1 Nd7 25. Nxd7 Qxd7 26. Qc4 Rc8 27. Qa6 Be4 28. Qxa5 Bxf3 29. gxf3 Bd6 30. Qa6 Ne7 31. Qc4 c5 32. dxc5 Bxc5 33. Qf4 Nd5 34. Qg4 f5 35. Qh4 Be7 36. Rxc8+ Qxc8 37. Qc4 Qd7 38. a5 Nc7 39. Bxb4 Bxb4 40. Qxb4 Kg7 41. Qc3+ Kf7 42. a6 Na8 43. Bc4+ Ke7 44. b4 Kd8 45. b5 Nb6 46. Qh8+ Kc7 47. a7 Qd1+ 48. Kg2 1-0

[Event "Czech Open Rapid 2019"]
[Site "Pardubice"]
[Date "2019.07.17"]
[Round "2.25"]
[White "Eliseev, Sergey"]
[Black "Taranik, Olexiy"]
[Result "0-1"]
[WhiteElo "2053"]
[BlackElo "2124"]
[Annotator "NA"]
[PlyCount "22"]
[EventDate "2019.07.17"]
[EventType "swiss"]
[EventCountry "CZE"]
[SourceTitle "playchess.com"]
[Source "ChessBase"]
[SourceQuality "1"]

1. d4 Nf6 2. Nf3 e6 3. c4 d5 4. Nc3 c6 5. Bg5 Nbd7 6. e3 Qa5 7. Qc2 Ne4 8. Bd3 Nxg5 9. Nxg5 dxc4 10. Bxc4 Qxg5 11. O-O-O Be7 0-1

[Event "Czech Open Rapid 2019"]
[Site "Pardubice"]
[Date "2019.07.17"]
[Round "2.25"]
[White "Morozov, Mikhail"]
[Black "Goriatchkin, Jouri"]
[Result "0-1"]
[WhiteElo "1944"]
[BlackElo "2343"]
[Annotator "NA"]
[PlyCount "70"]
[EventDate "2019.07.17"]
[EventType "swiss"]
[EventCountry "CZE"]
[SourceTitle "playchess.com"]
[Source "ChessBase"]
[SourceQuality "1"]

1. d4 d5 2. Nf3 Nf6 3. Bg5 Ne4 4. Bh4 c5 5. e3 Qb6 6. Qc1 Nc6 7. c3 Bf5 8. Nbd2 e6 9. Be2 Be7 10. Bxe7 Nxe7 11. O-O O-O 12. Ne5 Qd6 13. Nxe4 Bxe4 14. Qd2 f6 15. Nd3 b6 16. Rad1 c4 17. Ne1 b5 18. Nc2 a5 19. a3 Nc6 20. f3 Bg6 21. Rfe1 Rab8 22. Bf1 b4 23. axb4 axb4 24. e4 bxc3 25. bxc3 Rb2 26. Rb1 Rfb8 27. Rxb2 Rxb2 28. Qc1 Rb3 29. Ne3 Bf7 30. exd5 exd5 31. g3 Qa3 32. Qxa3 Rxa3 33. Nd1 Ra1 34. f4 Nxd4 35. cxd4 Rc1 0-1

[Event "Czech Open Rapid 2019"]
[Site "Pardubice"]
[Date "2019.07.17"]
[Round "2.26"]
[White "Votava, Jan"]
[Black "Rakshitta, Ravi"]
[Result "1/2-1/2"]
[WhiteElo "2521"]
[BlackElo "1708"]
[Annotator "ChessBase"]
[PlyCount "137"]
[EventDate "2019.07.17"]
[EventType "swiss"]
[EventCountry "CZE"]
[SourceTitle "playchess.com"]
[Source "ChessBase"]
[SourceQuality "1"]

1. d4 Nf6 2. Nf3 g6 3. c4 Bg7 4. Nc3 d6 5. g3 O-O 6. Bg2 c6 7. O-O Qa5 8. e4 e5 9. d5 cxd5 10. cxd5 b5 11. Re1 b4 12. Nb1 Bd7 13. Nbd2 Rc8 14. b3 Bb5 15. Bb2 Na6 16. Bf1 Nc5 17. Qb1 Bxf1 18. Rxf1 Qa6 19. a3 Qd3 20. axb4 Qxb1 21. Rfxb1 Ncxe4 22. Nxe4 Nxe4 23. Rc1 Bh6 24. Rc6 Kg7 25. b5 Rcb8 26. Nxe5 dxe5 27. Bxe5+ Kg8 28. Bxb8 Rxb8 29. d6 Rd8 30. Rxa7 Nxd6 31. b6 Nb5 32. Ra5 Nd4 33. Rc7 Ne6 34. Re7 Bf8 35. Rea7 Bc5 36. Ra8 Bxb6 37. Rxd8+ Bxd8 38. Rd5 Kf8 39. Kg2 Ke7 40. Kf3 Bb6 41. b4 Nd4+ 42. Ke4 Nc6 43. f4 f5+ 44. Kf3 Ke6 45. Rd1 Nxb4 46. g4 Nc6 47. gxf5+ gxf5 48. Kg3 Nd4 49. Re1+ Kf6 50. Ra1 Ne6 51. Ra6 Bc7 52. Kf3 Bxf4 53. h3 Bc7 54. Rc6 Ke5 55. Ra6 Nd4+ 56. Ke3 f4+ 57. Kd3 Ne6 58. Ra2 Bb6 59. Ra8 f3 60. Re8 Kd5 61. Kd2 f2 62. Ke2 Nf4+ 63. Kf1 Nh5 64. Kg2 Nf4+ 65. Kf1 Nxh3 66. Re7 Ng5 67. Kg2 Kd6 68. Rg7 Be3 69. Rxg5 1/2-1/2

[Event "Czech Open Rapid 2019"]
[Site "Pardubice"]
[Date "2019.07.17"]
[Round "2.26"]
[White "Vokoun, Jan"]
[Black "Mandak, Miroslav"]
[Result "1-0"]
[WhiteElo "2072"]
[BlackElo "1993"]
[Annotator "NA"]
[PlyCount "119"]
[EventDate "2019.07.17"]
[EventType "swiss"]
[EventCountry "CZE"]
[SourceTitle "playchess.com"]
[Source "ChessBase"]
[SourceQuality "1"]

1. Nf3 c5 2. c4 Nf6 3. g3 g6 4. Nc3 d6 5. d4 cxd4 6. Nxd4 a6 7. b3 Bg7 8. Bb2 O-O 9. Bg2 Qc7 10. O-O Nc6 11. Rc1 Ne8 12. Nd5 Qd8 13. Qd2 Rb8 14. Rfd1 Nxd4 15. Bxd4 Bxd4 16. Qxd4 Be6 17. Nf4 Ng7 18. c5 dxc5 19. Qxc5 Qe8 20. Qb6 Qb5 21. Qxb5 axb5 22. Rc7 Ra8 23. Rd2 Ra7 24. Rxb7 Rxb7 25. Bxb7 Rb8 26. Be4 Kf8 27. Kf1 Ke8 28. Bc6+ Kf8 29. e3 g5 30. Nxe6+ Nxe6 31. Rd5 b4 32. Bd7 Ra8 33. Bxe6 fxe6 34. Rxg5 Rxa2 35. Rb5 Ra1+ 36. Kg2 Kf7 37. Rxb4 Ra2 38. g4 h6 39. Kg3 Rb2 40. h4 Kg6 41. Rb6 Kf7 42. f3 Rb1 43. Kf4 Re1 44. b4 Rh1 45. h5 Rc1 46. b5 Kf6 47. e4 Rc4 48. Rb8 e5+ 49. Kg3 Rb4 50. Rb6+ e6 51. Rb8 Kg7 52. b6 Rb1 53. Kf2 Rb2+ 54. Ke3 Rb3+ 55. Ke2 Rb2+ 56. Kd3 Rb3+ 57. Kc4 Rxf3 58. b7 Rf4 59. Re8 Rxe4+ 60. Kc5 1-0

[Event "Czech Open Rapid 2019"]
[Site "Pardubice"]
[Date "2019.07.17"]
[Round "2.27"]
[White "Dvoirys, Semen"]
[Black "Chovanec, Vladimir"]
[Result "1-0"]
[WhiteElo "2412"]
[BlackElo "2066"]
[Annotator "NA"]
[PlyCount "57"]
[EventDate "2019.07.17"]
[EventType "swiss"]
[EventCountry "CZE"]
[SourceTitle "playchess.com"]
[Source "ChessBase"]
[SourceQuality "1"]

1. e4 g6 2. d4 c6 3. Nd2 d5 4. Ngf3 Bg7 5. h3 dxe4 6. Nxe4 Nf6 7. Nxf6+ exf6 8. Be3 O-O 9. Qd2 Be6 10. c4 a5 11. Be2 Na6 12. O-O Re8 13. Rfd1 Qe7 14. d5 cxd5 15. cxd5 Red8 16. d6 Qe8 17. Qxa5 Bf8 18. Bf4 Bxh3 19. Re1 Qe4 20. Bg3 Qb4 21. Qxb4 Nxb4 22. gxh3 Nc2 23. Bc4 Nxa1 24. Rxa1 Bxd6 25. a4 Bxg3 26. fxg3 b6 27. Kf2 Re8 28. Ra3 Re4 29. Bd5 1-0

[Event "Czech Open Rapid 2019"]
[Site "Pardubice"]
[Date "2019.07.17"]
[Round "2.27"]
[White "Ibrahim, Emad Eldin"]
[Black "Effenberger, Adam"]
[Result "1-0"]
[WhiteElo "2042"]
[BlackElo "1797"]
[Annotator "NA"]
[PlyCount "42"]
[EventDate "2019.07.17"]
[EventType "swiss"]
[EventCountry "CZE"]
[SourceTitle "playchess.com"]
[Source "ChessBase"]
[SourceQuality "1"]

1. e4 c5 2. Nf3 e6 3. c3 Nf6 4. e5 Nd5 5. d4 cxd4 6. cxd4 d6 7. Bc4 Be7 8. O-O dxe5 9. dxe5 O-O 10. Qe2 Nb6 11. Bd3 Nc6 12. Nc3 Nd4 13. Nxd4 Qxd4 14. Rd1 Qh4 15. g3 Qh3 16. Be4 Rd8 17. Rxd8+ Bxd8 18. Bg2 Qf5 19. g4 Qg6 20. Be4 f5 21. exf6 Qf7 1-0

[Event "Czech Open Rapid 2019"]
[Site "Pardubice"]
[Date "2019.07.17"]
[Round "2.28"]
[White "Bogdanov, Egor"]
[Black "Novik, Maxim"]
[Result "1-0"]
[WhiteElo "2407"]
[BlackElo "2408"]
[Annotator "NA"]
[PlyCount "109"]
[EventDate "2019.07.17"]
[EventType "swiss"]
[EventCountry "CZE"]
[SourceTitle "playchess.com"]
[Source "ChessBase"]
[SourceQuality "1"]

1. e4 c6 2. d4 d5 3. exd5 cxd5 4. c4 Nf6 5. Nc3 g6 6. cxd5 Nxd5 7. Qb3 Nxc3 8. Bc4 e6 9. bxc3 Bg7 10. Ba3 Bf8 11. Nf3 Bxa3 12. Qxa3 Qe7 13. Qc1 O-O 14. O-O Nc6 15. Qh6 Qf6 16. Rfe1 Bd7 17. Ng5 Qg7 18. Qh4 Na5 19. Bd3 Bc6 20. Re3 Rac8 21. Rh3 h6 22. Qxh6 Qxh6 23. Rxh6 Bd5 24. Rc1 Bxa2 25. h4 Nb3 26. Rd1 Rxc3 27. h5 Rc1 28. Rxc1 Nxc1 29. Bxg6 Ne2+ 30. Kh2 Nxd4 31. Nxf7 Rxf7 32. Bxf7+ Kg7 33. Rg6+ Kxf7 34. Rg4 Nf5 35. Ra4 Bd5 36. Rxa7 Kf6 37. g4 Nh6 38. Kg3 e5 39. f4 exf4+ 40. Kxf4 Nf7 41. Ra5 Bc6 42. g5+ Kg7 43. Ra8 Nd6 44. Rd8 Nf7 45. Rd4 Nh8 46. Kf5 Be8 47. h6+ Kf7 48. Rd6 Ke7 49. Re6+ Kf8 50. Kf6 Bd7 51. Re7 Be8 52. Rxb7 Ng6 53. h7 Nh8 54. Rb8 Nf7 55. g6 1-0

[Event "Czech Open Rapid 2019"]
[Site "Pardubice"]
[Date "2019.07.17"]
[Round "2.28"]
[White "Ilkiv, Andrii"]
[Black "Dobes, Vojtech"]
[Result "0-1"]
[WhiteElo "1703"]
[BlackElo "2212"]
[Annotator "NA"]
[PlyCount "25"]
[EventDate "2019.07.17"]
[EventType "swiss"]
[EventCountry "CZE"]
[SourceTitle "playchess.com"]
[Source "ChessBase"]
[SourceQuality "1"]

1. e4 c5 2. Nf3 Nf6 3. e5 Nd5 4. c4 Nc7 5. d4 cxd4 6. Nxd4 Nc6 7. Nxc6 bxc6 8. Nc3 g6 9. Be3 Bg7 10. f4 O-O 11. Be2 d6 12. exd6 exd6 13. O-O 0-1

[Event "Czech Open Rapid 2019"]
[Site "Pardubice"]
[Date "2019.07.17"]
[Round "2.29"]
[White "Karalkin, Maksim"]
[Black "Malygin, Vladislav"]
[Result "1/2-1/2"]
[WhiteElo "2137"]
[BlackElo "1855"]
[Annotator "NA"]
[PlyCount "26"]
[EventDate "2019.07.17"]
[EventType "swiss"]
[EventCountry "CZE"]
[SourceTitle "playchess.com"]
[Source "ChessBase"]
[SourceQuality "1"]

1. e4 c5 2. Nf3 e6 3. c3 d5 4. exd5 exd5 5. d4 Nc6 6. Bb5 cxd4 7. Nxd4 Bd7 8. O-O Nf6 9. Re1+ Be7 10. Na3 O-O 11. Nac2 Re8 12. Bg5 h6 13. Bh4 Qb6 1/2-1/2

[Event "Czech Open Rapid 2019"]
[Site "Pardubice"]
[Date "2019.07.17"]
[Round "2.29"]
[White "Valenta, Vit"]
[Black "Nikologorsky, Matfei"]
[Result "0-1"]
[WhiteElo "2069"]
[BlackElo "2148"]
[Annotator "NA"]
[PlyCount "88"]
[EventDate "2019.07.17"]
[EventType "swiss"]
[EventCountry "CZE"]
[SourceTitle "playchess.com"]
[Source "ChessBase"]
[SourceQuality "1"]

1. b4 d5 2. Bb2 Nf6 3. Nf3 g6 4. g3 Bg7 5. Bg2 O-O 6. O-O Nbd7 7. d3 Re8 8. Nbd2 e5 9. e4 c6 10. c4 d4 11. c5 b6 12. cxb6 axb6 13. Nc4 Ba6 14. Qb3 Qe7 15. a4 b5 16. Na5 bxa4 17. Rxa4 Bb5 18. Ra2 Bf8 19. Ba3 Qe6 20. Qxe6 Rxe6 21. Rd1 c5 22. Raa1 cxb4 23. Bb2 Rea6 24. Nb3 Rxa1 25. Bxa1 Ra3 26. Nfd2 Bxd3 27. Rc1 Bh6 28. f4 Nxe4 29. Bxe4 Bxe4 30. fxe5 Be3+ 31. Kf1 Bd5 32. Rb1 Ra2 33. Rb2 Rxb2 34. Bxb2 Nxe5 35. Ke2 Nc4 36. Bxd4 Bxd4 37. Nxd4 Nxd2 38. Kxd2 Kg7 39. Nc2 b3 40. Ne3 Be6 41. Kc3 Kf6 42. Kb2 Ke5 43. Kc3 Ke4 44. Nd1 Kf3 0-1

[Event "Czech Open Rapid 2019"]
[Site "Pardubice"]
[Date "2019.07.17"]
[Round "2.30"]
[White "Pulpan, Jakub"]
[Black "Tarakanov, Oleg"]
[Result "1-0"]
[WhiteElo "2437"]
[BlackElo "2081"]
[Annotator "NA"]
[PlyCount "55"]
[EventDate "2019.07.17"]
[EventType "swiss"]
[EventCountry "CZE"]
[SourceTitle "playchess.com"]
[Source "ChessBase"]
[SourceQuality "1"]

1. e4 e5 2. Nf3 Nc6 3. Bc4 Nf6 4. Ng5 d5 5. exd5 Na5 6. Bb5+ c6 7. dxc6 bxc6 8. Bd3 h6 9. Ne4 Nd5 10. Ng3 Bd6 11. O-O O-O 12. Bf5 Nf4 13. d3 Nb7 14. Nc3 Bc7 15. Qg4 Nd6 16. Bxc8 Qxc8 17. Qxc8 Rfxc8 18. Re1 Nb5 19. Nxb5 cxb5 20. Bxf4 exf4 21. Nf5 Kf8 22. Ne7 Rd8 23. a4 Rd7 24. Nc6 bxa4 25. Rxa4 Bb6 26. Rxf4 Rc8 27. Ne5 Re7 28. Ng6+ 1-0

[Event "Czech Open Rapid 2019"]
[Site "Pardubice"]
[Date "2019.07.17"]
[Round "2.30"]
[White "Odler, Daniel"]
[Black "Jun, Rudolf Jr."]
[Result "0-1"]
[WhiteElo "2047"]
[BlackElo "2200"]
[Annotator "NA"]
[PlyCount "112"]
[EventDate "2019.07.17"]
[EventType "swiss"]
[EventCountry "CZE"]
[SourceTitle "playchess.com"]
[Source "ChessBase"]
[SourceQuality "1"]

1. e4 c5 2. Nf3 Nc6 3. d4 cxd4 4. Nxd4 Nf6 5. Nc3 e5 6. Ndb5 d6 7. Bg5 a6 8. Bxf6 gxf6 9. Na3 b5 10. Nd5 f5 11. c3 Bg7 12. Bd3 Be6 13. Nc2 Bxd5 14. exd5 Ne7 15. O-O O-O 16. a4 bxa4 17. Rxa4 e4 18. Be2 Ng6 19. Nd4 Qg5 20. Kh1 f4 21. Rg1 Qxd5 22. Bc4 Qc5 23. b4 Qxc4 24. Nf5 Qxc3 25. Nxg7 Kxg7 26. Qxd6 Rfd8 27. Qb6 Qf6 28. Qc5 Qe5 29. Qc6 Rac8 30. Qxa6 Rc2 31. Qb6 Qd4 32. Qa5 Rxf2 33. b5 Qd2 34. Qxd2 Rdxd2 35. Rxe4 f3 36. Rg4 fxg2+ 37. R4xg2 Rxg2 38. Rxg2 Rd1+ 39. Rg1 Rxg1+ 40. Kxg1 Ne5 41. Kf2 Nd7 42. Ke3 f5 43. Kd4 Kf6 44. Kd5 f4 45. Kd4 Kf5 46. h3 h6 47. Kd3 Ke5 48. h4 h5 49. Ke2 Ke4 50. Kf2 f3 51. Kf1 Ke3 52. Ke1 f2+ 53. Kf1 Kf3 54. b6 Nc5 55. b7 Ne4 56. b8=Q Nd2# 0-1